Metódy marketingového výskumu

Guardado en:
Detalles Bibliográficos
Autor principal: Richterová, Kornélia
Otros Autores: Klepochová, Dagmar, 1968-, Vokounová, Dana, 1962-
Formato: Libro
Lenguaje:eslovaco
Publicado: Bratislava Vydavateľstvo EKONÓM 1999
Edición:2. vyd.
Materias:
Etiquetas: Agregar Etiqueta
Sin Etiquetas, Sea el primero en etiquetar este registro!

MARC

LEADER 00000nam a2200000 4500
001 c114939
005 20221102132746.2
020 |a 80-225-1182-X 
041 0 |a slo 
044 |a SK 
245 1 0 |a Metódy marketingového výskumu  |c Kornélia Richterová, Dagmar Klepochová, Dana Vokounová 
250 |a 2. vyd. 
264 1 |a Bratislava  |b Vydavateľstvo EKONÓM  |c 1999 
300 |a 71 s. 
610 2 0 |a marketing 
610 2 0 |a výskum 
610 2 0 |a dotazníky 
610 2 0 |a obchod 
610 2 0 |a firmy 
610 2 0 |a analýzy 
610 2 0 |a testy 
610 2 0 |a segmentácia trhu 
100 1 |a Richterová, Kornélia 
700 1 |a Klepochová, Dagmar, 1968- 
700 1 |a Vokounová, Dana, 1962-